000 00482nam a2200181Ia 4500
001 23404
005 20260414150935.0
008 260414t2017||||xx |||||||||||||| ||spa||
041 _aESP
082 _a641.5985
_bA49 T. 2
100 _aÁlvarez Novoa, Isabel,
_eAUT
245 0 _aPicanterías y chicherías del Perú :
_batrimonio cultural de la nación
260 _c2017
300 _a443 páginas :
_c25 cm.
650 _aGEN
654 _aCHU
942 _cLIB
_dJUS
_fJUS
_2ddc
_n
999 _c23404
_d23404